| 000 | 00633nam a22001817a 4500 | ||
|---|---|---|---|
| 003 | OSt | ||
| 005 | 20131213174201.0 | ||
| 008 | 130611s1998 po ||||| |||| 00| 0 por d | ||
| 040 | _cCDMR | ||
| 100 | 1 |
_93745 _aValente, José Carlos |
|
| 245 | 1 | 0 |
_aElementos para a história do sindicalismo dos jornalistas portugueses _b: I parte (1834-1934) _cJosé Carlos Valente |
| 260 |
_aLisboa _bSindicato dos Jornalistas _c1998 |
||
| 300 | _a232 p. | ||
| 610 | 2 |
_93746 _aSindicato dos Jornalistas (Portugal) |
|
| 650 | 0 | 4 |
_93747 _aPremsa _zPortugal |
| 650 | 0 | 4 |
_9216 _aAssociacions de professionals i tècnics _y1834-1934 _zPortugal |
| 942 |
_2udc _cMON |
||
| 999 |
_c6442 _d6442 |
||